000 01306nam2a22003251 4500
001 rc\3769872
005 20200316164215.0
021 _aRU
_b[84-13736]
035 _a(NLR Aleph) 007225328
090 _a7710419
_c7710419
100 _a20120127d1983 |||y0rusy50 ca
101 0 _arus
102 _aRU
105 _ay z |||||
200 0 _aТ. 4
_f[Ред. и авт. вступ. ст., с. 5-52, А.И. Доватур, Ф.Х. Кессиди
_gПримеч. В.В. Бибихина и др.]
210 _d1983
215 _a830 с.
225 1 _a...
_vТ. 90
320 _aБиблиогр. в примеч.: с. 687-788
320 _aУказ. имен и предм.: с. 789-829
461 0 _1001rc\3769868
_12001#$aСочинения$eВ 4 т.$fАристотель$gАН СССР, Ин-т философии$vТ. 4
_1700#0$aАристотель$f384-322 до н. э.
702 1 _aКессиди
_bФ. Х.
_f1920-2009
_gФеохарий Харлампиевич
_3RU\NLR\AUTH\7722533
_4340
_4080
702 1 _aДоватур
_bА. И.
_f1897-1982
_gАристид Иванович
_3RU\NLR\AUTH\770207959
_4340
_4080
702 1 _aБибихин
_bВ. В.
_4212
801 0 _aRU
_bNLR
_gpsbo
801 1 _aRU
_bELAR
_2rusmarc
852 _aNLR
_j75-3/6747
942 _cBOOK
980 _aNB